Welcome to CU Library Online Public Access Catalogue (OPAC)

LAWS ORDER (Record no. 5048)

MARC details
000 -LEADER
fixed length control field 00426nam a22001577a 4500
005 - DATE AND TIME OF LATEST TRANSACTION
control field 20250321142153.0
008 - FIXED-LENGTH DATA ELEMENTS--GENERAL INFORMATION
fixed length control field 250321b |||||||| |||| 00| 0 eng d
020 ## - INTERNATIONAL STANDARD BOOK NUMBER
International Standard Book Number 0691010161
050 ## - LIBRARY OF CONGRESS CALL NUMBER
Classification number HB 171.F 768 FRI
100 ## - MAIN ENTRY--PERSONAL NAME
Personal name FRIEDMAN DAVID D.
245 ## - TITLE STATEMENT
Title LAWS ORDER
Remainder of title WHAT ECONOMICS HAS TO DO WITH LAW AND WHY IT MATTERS
260 ## - PUBLICATION, DISTRIBUTION, ETC.
Place of publication, distribution, etc. NEW JERSEY
Name of publisher, distributor, etc. PRINCETON
Date of publication, distribution, etc. 2000
300 ## - PHYSICAL DESCRIPTION
Extent 329p.
500 ## - GENERAL NOTE
General note TABLES
942 ## - ADDED ENTRY ELEMENTS (KOHA)
Source of classification or shelving scheme Library of Congress Classification
Koha item type Books
Suppress in OPAC No
999 ## -
-- 5048
-- 5048
Holdings
Withdrawn status Lost status Source of classification or shelving scheme Damaged status Not for loan Collection Home library Current library Shelving location Date acquired Total checkouts Barcode Date last seen Copy number Price effective from Koha item type
    Library of Congress Classification     Non-fiction Graduate Library (Christ Temple) Graduate Library (Christ Temple) General stacks 03/21/2025   gsct00000740 03/21/2025 1 03/21/2025 Books
© 2023-2024 Copyright: Central University Libraries. All Rights Reserved | Created by: Mahone Tech Office